|
|
|
|
| LEADER |
00000nab a2200000 a 4500 |
| 001 |
vtls009086318 |
| 003 |
SK-MaSNL |
| 005 |
20260304151607.0 |
| 008 |
250506c2007 xo |||||||| |000 b|slo |
| 015 |
|
|
|a SNBRB2007/08
|2 snkbucl
|
| 035 |
|
|
|a (uuid)99f7cc0b-4609-43f1-8f9d-2c0ce104441d
|
| 035 |
|
|
|a urn:nbn:sk:snk-ab1xrw
|
| 035 |
|
|
|a (urnnbn)urn:nbn:sk:snk:ar-a0174i
|
| 038 |
|
|
|a SNKBUCL
|
| 040 |
|
|
|a SNKBUCL
|b slo
|c SNKBUCL
|e AACR2
|
| 041 |
0 |
|
|a hun
|
| 044 |
|
|
|a xo
|c SK
|
| 080 |
|
|
|a 821.511.141-32=511.141
|2 1997
|
| 100 |
1 |
|
|a Bán, Zsófia,
|d 1957-
|4 aut
|9 593585
|
| 245 |
1 |
0 |
|a Vénusz-átvonulás
|c Bán Zsófia
|
| 300 |
|
|
|b Obr.
|
| 650 |
0 |
7 |
|a psychologické poviedky, maďarské
|2 snkbucl
|9 71096
|
| 773 |
0 |
|
|t Kalligram : művészet és gondolat
|g Évf. XVI, sz. július-augusztus (2007), o. 10-13
|x 1335-1826
|
| 850 |
|
|
|a Slovenská národná knižnica
|
| 852 |
|
|
|a Slovenská národná knižnica
|
| 958 |
|
|
|a article27
|
| 958 |
|
|
|a OND
|
| 958 |
|
|
|a HU
|
| 958 |
|
|
|a LX
|
| 958 |
|
|
|a EUIPO
|
| 999 |
|
|
|c 2944713
|d 2946643
|